000 00742nam a22002537a 4500
001 BR7906833
003 BR-BrBNA
005 20230928090222.0
007 ta
008 230509b bl.||||| |||| 00| 0 por d
040 _aBR-BrBNA
_bpor
_cBiblioteca Nacional de Agricultura
041 _a(Por)
072 _aE30
090 _ E30 BR7906833
110 1 _aDelegacia Federal de Agricultura em Roraima, Boa Vista (Brasil)
_93083
245 1 _aSinopse das atividades 1976 a 1978 [Delegacia Federal de Agricultura em Roraima; Brasil]
260 3 _aBoa Vista, RR (Brasil):
_c1979.
300 _a61 p.
500 _a26 tables
650 _aINSTITUICAO AGRICOLA
650 _aRORAIMA
909 _a202309
_bLucia
_c55
_dLucia Elande
942 _cBK
999 _c28090
_d28090